| 000 | 00403cam a22001337a 4500 | ||
|---|---|---|---|
| 008 | 180718b1973 xxu||||| |||| 00| 0 eng d | ||
| 082 | _aT108 K954 | ||
| 100 | _aKuh, Edwin | ||
| 245 |
_aAn introduction to applied macroeconomics _cEdwin Kuh and Richard L. Schmalensee |
||
| 260 |
_aAmsterdam _bNorth-Holland Pub. _c1973 |
||
| 300 | _a229p. | ||
| 650 | _aMacroeconomics | ||
| 700 | _aSchmalensee, Richard L. | ||
| 999 |
_c348831 _d348831 |
||